• 首页
  • 本馆介绍
  • 公告通知
  • 最新文献
  • 馆藏检索
  • 电子资源
  • 读者导购
  • 参考咨询
  • 我的图书馆
  • 登录
  • 详细信息显示
  • 放入我的书架
  • 预约/预借图书
  • 作者相关作品
  • 分类相关作品
  • 丛书相关作品
  • 出版社相关作品

书目信息

  • 表格格式
  • 工作单格式
  • 卡片格式
题名:
前奏曲<<牧神午后>>
    
 
作者: C德标西曲 著
分册:  
出版信息:    1981.3
页数: 38页
开本: 20cm
丛书名:
单 册:
中图分类: J632.61
科图分类:
主题词: 民族器乐--理论 , 民族乐器--奏法
电子资源:
ISBN:
000 00567nam0 2200205 45
001 0312221749
005 20031222171149.8
010    @dCNY0.45
100    @a20031222d1981 km y0chiy0120 ea
101    @achi
105    @a z 000yy
200 1  @a前奏曲<<牧神午后>>@AQian Zou Qu<>@f(法)C德标西曲著@F(Fa)C De Biao Xi Qu Zhu
210    @d1981.3
215    @a38页@d20cm
606 0  @a民族器乐@x理论
606 0  @a民族乐器@x奏法
690    @aJ632.61@v3
701 0  @aC德标西曲@4著
801    @aCN@bTSTCL@c20031222
905    @a213230@dJ632.61@e5@b61771-773@f3
    
    前奏曲<<牧神午后>>/(法)C德标西曲著.-1981.3
    38页;20cm
    
    
    ISBN :CNY0.45
    
●
相关链接 在E读中查询图书 在五车中查询图书 在当当中查询图书 在豆瓣中查询图书


正题名:前奏曲《牧神午后》     索取号:J632.61/5         预约/预借

序号 登录号 条形码 馆藏地/架位号 状态 备注
1 0061771   001237959   第一借阅区/ [索取号:J632.61/5] 在馆    
2 0061772   001237968   密集书库/ [索取号:J632.61/5] 在馆    
3 0061773   001238002   第一样本阅览室/ [索取号:J632.61/5] 在馆    
唐山师范学院图书馆 欢迎您!
大连网信软件有限公司© 版权所有